| 000 | 00430nam a2200181Ia 4500 | ||
|---|---|---|---|
| 001 | 2365 | ||
| 005 | 20260306144801.0 | ||
| 008 | 260306t2012||||xx |||||||||||||| ||spa|| | ||
| 041 | _aESP | ||
| 082 |
_a616.89 _bB61I |
||
| 100 |
_aBlack, Donald W. _eAUT |
||
| 245 | 0 | _aIntroducción a la psiquiatría | |
| 260 | _c2012 | ||
| 300 |
_axvii, 574 páginas : _c25 cm. |
||
| 650 | _aGEN | ||
| 654 | _aCPS | ||
| 942 |
_cLIB _dJUS _fJUS _2ddc _n |
||
| 999 |
_c2365 _d2365 |
||